| 000 | 00887nam a22002417a 4500 | ||
|---|---|---|---|
| 008 | 130821s1996 xxua gr eng | ||
| 020 | _a019504407X | ||
| 040 |
_aCo-BoUCM _bspa |
||
| 041 | 0 | 0 | _aeng |
| 100 | 1 |
_aHouthakker, Hendrik S. _9154698 |
|
| 245 | 1 | 4 |
_aThe economics of financial markets _cHendrik S. Houthakker y Peter J. Williamson |
| 260 |
_aNueva York (Estados Unidos) _bOxford University Press _c1996 |
||
| 300 |
_axiii, 361 páginas _bilustraciones |
||
| 504 | _aIncluye referencias bibliográficas e índice. | ||
| 650 | 0 | 4 |
_aFinanzas _97628 |
| 650 | 0 | 4 |
_aMercado de capitales _919335 |
| 650 | 0 | 4 |
_aMercado de capitales _zEstados Unidos _919335 |
| 650 | 0 | 4 |
_aMercado de futuros _919342 |
| 650 | 0 | 4 |
_aMercado financiero _919348 |
| 700 | 1 |
_aWilliamson, Peter J. _9154699 |
|
| 942 |
_a7 _e1 _mH844 _cLIBRO _2DEWEY _h332.6320973 |
||
| 999 |
_c88308 _d88308 |
||